Rostov's War Enemies - Statistics

General Stats
  • This quiz has been taken 2 times
  • The average score is 3 of 60
Answer Stats
Answer % Correct
United Kingdom
100%
Germany
50%
Russia
50%
Ukraine
50%
Afghanistan
0%
Albania
0%
Armenia
0%
Austria
0%
Azerbaijan
0%
Bahrain
0%
Belarus
0%
Bosnia & Herzegovina
0%
Brunei
0%
Bulgaria
0%
Burkina Faso
0%
Burundi
0%
Cambodia
0%
Chad
0%
China
0%
Croatia
0%
Finland
0%
France
0%
Georgia
0%
Guinea
0%
Guinea Bissau
0%
Hungary
0%
India
0%
Iran
0%
Iraq
0%
Israel
0%
Italy
0%
Ivory Coast
0%
Kazakhstan
0%
Kosovo
0%
Laos
0%
Libya
0%
Mali
0%
Myanmar
0%
New Zealand
0%
Nicaragua
0%
Niger
0%
North Korea
0%
Palestine
0%
Paraguay
0%
Romania
0%
Rwanda
0%
Slovakia
0%
Slovenia
0%
Somalia
0%
Spain
0%
Sri Lanka
0%
Syria
0%
Thailand
0%
Turkey
0%
Turkmenistan
0%
United States
0%
Uzbekistan
0%
Venezuela
0%
Vietnam
0%
Yemen
0%
No matching quizzes found
Score Distribution
Percent of People with Each Score
Percentile by Number Answered
Your Score History
You have not taken this quiz